China Shakes The World: The Rise Of A Hungry Nation (Record no. 222142)
[ view plain ]
| 000 -LEADER | |
|---|---|
| fixed length control field | 01570nam a22002297a 4500 |
| 005 - DATE AND TIME OF LATEST TRANSACTION | |
| control field | 20220401141136.0 |
| 008 - FIXED-LENGTH DATA ELEMENTS--GENERAL INFORMATION | |
| fixed length control field | 220401b ||||| |||| 00| 0 eng d |
| 020 ## - INTERNATIONAL STANDARD BOOK NUMBER | |
| International Standard Book Number | 9780753821558 |
| 040 ## - CATALOGING SOURCE | |
| Transcribing agency | AL |
| 041 ## - LANGUAGE CODE | |
| Language code of text/sound track or separate title | English |
| 082 ## - DEWEY DECIMAL CLASSIFICATION NUMBER | |
| Edition number | 23 |
| Classification number | 330.95106 |
| Item number | KYNC |
| 100 ## - MAIN ENTRY--PERSONAL NAME | |
| Personal name | James Kynge |
| 100 ## - MAIN ENTRY--PERSONAL NAME | |
| 9 (RLIN) | 27301 |
| 245 ## - TITLE STATEMENT | |
| Title | China Shakes The World: The Rise Of A Hungry Nation |
| 260 ## - PUBLICATION, DISTRIBUTION, ETC. | |
| Place of publication, distribution, etc. | London |
| Name of publisher, distributor, etc. | Phoenix |
| Date of publication, distribution, etc. | 2007 |
| 300 ## - PHYSICAL DESCRIPTION | |
| Extent | xi,244 p. |
| Other physical details | PB |
| Dimensions | 19.5x13 cm. |
| 520 ## - SUMMARY, ETC. | |
| Summary, etc. | James Kynge shows not only the extraordinary rise of the Chinese economy, but what the future holds as China begins to influence the world. On the eve of the British industrial revolution some 230 years ago, China accounted for one third of the global economy. In 1979, after 30 years of Communism, its economy contributed only two per cent to global GDP. Now it is back up to five per cent and rising. Although China is already a palpable force in the world, its re-emergence is only just starting to be felt. Kynge shows China's weaknesses - its environmental pollution, its crisis in social trust, its weak financial system and the faltering institutions of its governments - which are poised to have disruptive effects on the world. The fall-out from any failure in China's rush to modernity or simply from a temporary economic crash in the Chinese economy would be felt around the world |
| 650 ## - SUBJECT ADDED ENTRY--TOPICAL TERM | |
| Topical term or geographic name entry element | China -- Economic conditions -- 2000 |
| 9 (RLIN) | 27302 |
| 650 ## - SUBJECT ADDED ENTRY--TOPICAL TERM | |
| Topical term or geographic name entry element | China -- Economic policy |
| 9 (RLIN) | 27303 |
| 650 ## - SUBJECT ADDED ENTRY--TOPICAL TERM | |
| Topical term or geographic name entry element | China -- Foreign economic relations |
| 9 (RLIN) | 27304 |
| 700 ## - ADDED ENTRY--PERSONAL NAME | |
| Personal name | KYNGE (James) |
| 9 (RLIN) | 27305 |
| 942 ## - ADDED ENTRY ELEMENTS (KOHA) | |
| Source of classification or shelving scheme | Dewey Decimal Classification |
| Koha item type | George Fernandes Collections |
| Withdrawn status | Lost status | Source of classification or shelving scheme | Damaged status | Not for loan | Collection code | Home library | Current library | Date acquired | Total Checkouts | Full call number | Barcode | Date last seen | Price effective from | Koha item type |
|---|---|---|---|---|---|---|---|---|---|---|---|---|---|---|
| Dewey Decimal Classification | Economics | St Aloysius Library | St Aloysius Library | 03/24/2013 | 330.95106 KYNC | GF03135 | 04/01/2022 | 04/01/2022 | George Fernandes Collections |